Verdadero o Falso - Versión Navidad - Estadísticas

Estadísticas generales
  • Esta prueba ha sido intentada 395 veces
  • La puntuación promedio es 6 de 7
Answers on the Grid
Answers color-coded by a green-red scale on the quiz's grid according to % correct below.
Papa Noel es de Groenlandia
Se llama Santa Claus
La navidad se festeja el 25 de Diciembre
La navidad se festeja por el día de nacimiento de Papa Noel
Papa Noel es inmortal
El reno con la nariz roja se llama Relin
Papa Noel va en trineo
La Navidad se festejó por primera vez en el año 354
La navidad se festeja por el nacimiento de Jesucristo
Papa Noel regala un máximo de 5 regalos a un sólo niño
Papa Noel regala carbón a los niños que se portaron mal en el año
 
Estadísticas de respuestas
Respuesta % Correcto
La navidad se festeja el 25 de Diciembre
93%
Papa Noel va en trineo
92%
Se llama Santa Claus
91%
La navidad se festeja por el nacimiento de Jesucristo
88%
Papa Noel regala carbón a los niños que se portaron mal en el año
80%
Papa Noel es inmortal
75%
La Navidad se festejó por primera vez en el año 354
70%
No se encontraron pruebas coincidentes
Distribución de puntuación
Porcentaje de gente con cada puntuación
Porcentaje por número respondido
Historial de tus puntuaciones
No has intentado esta prueba.